Načítá se...

حركة العسين بن علي الفخي في المدينة و مكة و أثرها السياسسي في العصر العباسي

Podrobná bibliografie
Hlavní autoři: عبد الله حسين الشنبري الشريف, Shareef,Abdhulla Ibnu Husain Shanbari
Médium: Printed Book
Vydáno: Saudi: Markazu Nashr;
Témata:
LEADER 00802nam a22001817a 4500
082 |a 953  |b SHA/H 
100 |a عبد الله حسين الشنبري الشريف 
100 |a Shareef,Abdhulla Ibnu Husain Shanbari 
245 |a حركة العسين بن علي الفخي في المدينة و مكة و أثرها السياسسي في العصر العباسي  |c Harakathu Husain ibnu Ali Fakhi fil Madeenathi va Makha va Asaruha Siyasi fi Asril Abbasi  
260 |a Saudi:  |b Markazu Nashr; 
300 |a 102p. 
500 |a includes index 
650 |a History 
650 |a Arabic History 
650 |a التاريخ العربي 
942 |c BK 
999 |c 308568  |d 308568 
952 |0 0  |1 0  |4 0  |6 953_000000000000000_SHA_H  |7 0  |9 329832  |a ARA  |b ARA  |d 2020-11-05  |l 0  |o 953 SHA/H  |p ARA2629  |r 2020-11-05  |w 2020-11-05  |y BK